[Event "CAN-op"]
[Site "Edmonton CAN"]
[Date "2005.07.11"]
[Round "4"]
[White "Lauritson, Jim"]
[Black "Thipsay, Bagyashree Sathe"]
[Result "1/2-1/2"]
[WhiteElo "1910"]
[BlackElo "2269"]
[PlyCount "40"]
[GameId "2160767910901612"]
[EventDate "2005.07.09"]
[EventType "swiss"]
[EventRounds "10"]
[EventCountry "CAN"]
[SourceTitle "CBM 107 Extra"]
[Source "ChessBase"]
[SourceDate "2005.09.01"]
[SourceVersion "1"]
[SourceVersionDate "2005.09.01"]
[SourceQuality "1"]

1. e4 c6 2. Nc3 d5 3. Nf3 dxe4 4. Nxe4 Nf6 5. Nxf6+ gxf6 6. d4 Bg4 7. Be2 Qc7 8. Be3 Nd7 9. Qd2 e6 10. Bf4 Bd6 11. Bxd6 Qxd6 12. O-O-O O-O-O 13. Qa5 Kb8 14. Rd3 Qd5 15. Qxd5 cxd5 16. Re1 Rc8 17. Nh4 Bxe2 18. Rxe2 f5 19. Nf3 Rhg8 20. g3 Rg4 1/2-1/2

[Event "CAN-op"]
[Site "Edmonton CAN"]
[Date "2005.07.11"]
[Round "4"]
[White "Lawson, Bianca"]
[Black "Jones, Avery"]
[Result "1-0"]
[WhiteElo "1327"]
[BlackElo "1582"]
[PlyCount "115"]
[GameId "2160767910901613"]
[EventDate "2005.07.09"]
[EventType "swiss"]
[EventRounds "10"]
[EventCountry "CAN"]
[SourceTitle "CBM 107 Extra"]
[Source "ChessBase"]
[SourceDate "2005.09.01"]
[SourceVersion "1"]
[SourceVersionDate "2005.09.01"]
[SourceQuality "1"]

1. e4 c6 2. Nc3 d5 3. f3 e5 4. d3 Ne7 5. Nge2 Ng6 6. d4 Be7 7. dxe5 Nxe5 8. exd5 O-O 9. dxc6 Nbxc6 10. Qxd8 Rxd8 11. Bd2 Nc4 12. O-O-O Be6 13. Nf4 Nxd2 14. Rxd2 Bg5 15. Rxd8+ Rxd8 16. g3 a6 17. h4 Bxf4+ 18. gxf4 Bf5 19. Bh3 Ne7 20. Bg4 Kf8 21. Re1 Bxg4 22. fxg4 Ng6 23. f5 Nxh4 24. Rh1 Nf3 25. Rxh7 Kg8 26. Rh1 Rd4 27. Rf1 Ng5 28. Rg1 f6 29. b3 Nh3 30. Rg3 Ng5 31. Na4 b5 32. Nc5 Ne4 33. Nxe4 Rxe4 34. g5 fxg5 35. Rxg5 Kf7 36. Rg6 a5 37. Ra6 a4 38. bxa4 bxa4 39. Kb2 Rf4 40. c3 Rxf5 41. Rxa4 g5 42. Rg4 Kf6 43. a4 Rf1 44. c4 Rf2+ 45. Kb3 Rf3+ 46. Kb4 Rf4 47. Rg1 g4 48. a5 Kg5 49. a6 Rf8 50. Kb5 Rb8+ 51. Ka5 Kf4 52. a7 Ra8 53. Kb6 Kf3 54. Kb7 Rg8 55. a8=Q Rxa8 56. Kxa8 g3 57. c5 Kf2 58. Rxg3 1-0

[Event "CAN-op"]
[Site "Edmonton CAN"]
[Date "2005.07.11"]
[Round "4"]
[White "Lawson, Jonathan"]
[Black "Grumic, Sasha"]
[Result "1-0"]
[WhiteElo "1782"]
[BlackElo "2087"]
[PlyCount "69"]
[GameId "2160767910901614"]
[EventDate "2005.07.09"]
[EventType "swiss"]
[EventRounds "10"]
[EventCountry "CAN"]
[SourceTitle "CBM 107 Extra"]
[Source "ChessBase"]
[SourceDate "2005.09.01"]
[SourceVersion "1"]
[SourceVersionDate "2005.09.01"]
[SourceQuality "1"]

1. e4 c5 2. c3 e6 3. d4 b6 4. Be3 Bb7 5. d5 Nf6 6. dxe6 dxe6 7. Qxd8+ Kxd8 8. f3 Nc6 9. Na3 Bd6 10. O-O-O Ke7 11. Bb5 Na5 12. Nh3 a6 13. Be2 Rac8 14. Nc4 Nxc4 15. Bxc4 b5 16. Be2 Rhd8 17. Bf4 e5 18. Be3 c4 19. Rd2 Ne8 20. Rhd1 b4 21. Bb6 Rd7 22. Ba5 bxc3 23. Bxc3 Rdd8 24. Ba5 Nc7 25. Bxc4 Rd7 26. Rxd6 Rxd6 27. Bb4 Nd5 28. Bxd6+ Kxd6 29. b3 Ke7 30. exd5 Kd6 31. Ng5 f6 32. Nf7+ Kd7 33. d6 Rf8 34. Be6+ Kxe6 35. d7 1-0

[Event "CAN-op"]
[Site "Edmonton CAN"]
[Date "2005.07.11"]
[Round "4"]
[White "Longo, Tyler"]
[Black "Nguyen, Kim"]
[Result "0-1"]
[WhiteElo "1733"]
[BlackElo "2060"]
[PlyCount "82"]
[GameId "2160767910901615"]
[EventDate "2005.07.09"]
[EventType "swiss"]
[EventRounds "10"]
[EventCountry "CAN"]
[SourceTitle "CBM 107 Extra"]
[Source "ChessBase"]
[SourceDate "2005.09.01"]
[SourceVersion "1"]
[SourceVersionDate "2005.09.01"]
[SourceQuality "1"]

1. d4 Nf6 2. Nf3 g6 3. c4 Bg7 4. Nc3 d6 5. g3 O-O 6. Bg2 Nbd7 7. O-O e5 8. b4 Re8 9. Bb2 exd4 10. Nxd4 Ng4 11. e3 Nge5 12. Qe2 Nf8 13. h3 Ne6 14. Rfe1 Bd7 15. Ncb5 a6 16. Na3 Qc8 17. Kh2 Nxd4 18. Bxd4 Ng4+ 19. hxg4 Bxd4 20. Rac1 Be5 21. f4 Bg7 22. g5 Bg4 23. Bf3 Bxf3 24. Qxf3 Bb2 25. Nc2 Bxc1 26. Rxc1 Rb8 27. g4 Qe6 28. Qh3 Qxc4 29. Rh1 Qxc2+ 30. Kg1 Qd1+ 31. Kf2 Qd2+ 32. Kf1 Qc1+ 33. Kf2 Qb2+ 34. Kf1 Qa1+ 35. Kf2 Qxa2+ 36. Kf3 Qd5+ 37. Ke2 Qc4+ 38. Kf3 Qe4+ 39. Kf2 Qc2+ 40. Kf3 h5 41. gxh6 Qd2 0-1

[Event "CAN-op"]
[Site "Edmonton CAN"]
[Date "2005.07.11"]
[Round "4"]
[White "Longson, Stan"]
[Black "Greber, Caitlin"]
[Result "1-0"]
[WhiteElo "1322"]
[BlackElo "1060"]
[PlyCount "113"]
[GameId "2160767910901616"]
[EventDate "2005.07.09"]
[EventType "swiss"]
[EventRounds "10"]
[EventCountry "CAN"]
[SourceTitle "CBM 107 Extra"]
[Source "ChessBase"]
[SourceDate "2005.09.01"]
[SourceVersion "1"]
[SourceVersionDate "2005.09.01"]
[SourceQuality "1"]

1. e4 e5 2. Nf3 Nc6 3. Nc3 Bc5 4. Bc4 Nf6 5. h3 O-O 6. O-O d6 7. a3 Be6 8. Bxe6 fxe6 9. d3 d5 10. Ng5 Re8 11. Na4 b6 12. b4 Bd4 13. Bb2 Bxb2 14. Nxb2 h6 15. Nf3 dxe4 16. dxe4 Nxe4 17. Re1 Nf6 18. Nxe5 Nxe5 19. Qxd8 Rexd8 20. Rxe5 Nd7 21. Rxe6 Nf8 22. Re3 c5 23. c3 Rd2 24. Nc4 Rd5 25. a4 a5 26. Nxb6 Rdd8 27. Nxa8 Rxa8 28. b5 c4 29. Rae1 Kf7 30. Re7+ Kg8 31. Re8 Rxe8 32. Rxe8 Kf7 33. Rc8 g5 34. Rxc4 h5 35. Rc5 g4 36. Rxh5 gxh3 37. Rxh3 Ng6 38. Re3 Ne7 39. c4 Nc8 40. c5 Ne7 41. c6 Nc8 42. Rb3 Nb6 43. c7 Ke7 44. Rc3 Kd7 45. Rc6 Nc8 46. g4 Na7 47. b6 Nxc6 48. g5 Kc8 49. f4 Kb7 50. f5 Kxb6 51. c8=Q Na7 52. Qc4 Kb7 53. f6 Kb8 54. f7 Nc8 55. f8=Q Kb7 56. Qfxc8+ Ka7 57. Q4c5# 1-0

[Event "CAN-op"]
[Site "Edmonton CAN"]
[Date "2005.07.11"]
[Round "4"]
[White "Lyall, David"]
[Black "Johnson, Dean"]
[Result "1/2-1/2"]
[WhiteElo "1477"]
[BlackElo "1588"]
[PlyCount "37"]
[GameId "2160767910901617"]
[EventDate "2005.07.09"]
[EventType "swiss"]
[EventRounds "10"]
[EventCountry "CAN"]
[SourceTitle "CBM 107 Extra"]
[Source "ChessBase"]
[SourceDate "2005.09.01"]
[SourceVersion "1"]
[SourceVersionDate "2005.09.01"]
[SourceQuality "1"]

1. c4 Nf6 2. Nc3 e6 3. e3 Nc6 4. a3 d5 5. d4 Be7 6. Nf3 O-O 7. Be2 b6 8. O-O dxc4 9. Bxc4 Na5 10. Be2 Bb7 11. b4 Nc6 12. Qc2 Nb8 13. Rd1 Nd5 14. Nxd5 Qxd5 15. Bd3 h6 16. e4 Qc6 17. Qe2 Nd7 18. Bf4 e5 19. Rac1 1/2-1/2

[Event "CAN-op"]
[Site "Edmonton CAN"]
[Date "2005.07.11"]
[Round "4"]
[White "MacFarlane, Donald"]
[Black "Laming, Ryan"]
[Result "0-1"]
[WhiteElo "1479"]
[BlackElo "1756"]
[PlyCount "100"]
[GameId "2160767910901618"]
[EventDate "2005.07.09"]
[EventType "swiss"]
[EventRounds "10"]
[EventCountry "CAN"]
[SourceTitle "CBM 107 Extra"]
[Source "ChessBase"]
[SourceDate "2005.09.01"]
[SourceVersion "1"]
[SourceVersionDate "2005.09.01"]
[SourceQuality "1"]

1. e4 c5 2. f4 d6 3. Nc3 Nc6 4. Nf3 g6 5. Bc4 Bg7 6. O-O Nf6 7. a3 O-O 8. d3 Bg4 9. Be3 Nd4 10. Bxd4 cxd4 11. Nb5 a6 12. Nbxd4 d5 13. e5 dxc4 14. exf6 Bxf6 15. dxc4 Qc7 16. h3 Bxf3 17. Nxf3 Qxf4 18. Nd2 Qd4+ 19. Kh1 Qxb2 20. Rb1 Qxa3 21. Rf3 Qd6 22. Rxb7 Qc6 23. Rbb3 a5 24. Qb1 Bd4 25. Rb5 a4 26. Rd3 Bc5 27. Rd5 Be3 28. Nf1 Bh6 29. Qa2 Qf6 30. Kg1 a3 31. c5 Bg7 32. Rd1 Qb2 33. Rxb2 axb2 34. Qb3 Ra1 35. c3 Rxd1 36. Qxb2 Rd3 37. c6 Rxc3 38. Qb7 Be5 39. Qxe7 Bd4+ 40. Kh1 Rc1 41. Qe2 Rc8 42. Qd3 Bf6 43. Kg1 R8xc6 44. Kf2 R6c2+ 45. Kg1 Rb2 46. Kh2 Rcc2 47. Ne3 Be5+ 48. Kg1 Rc1+ 49. Nf1 Rbb1 50. Kf2 Rxf1+ 0-1

[Event "CAN-op"]
[Site "Edmonton CAN"]
[Date "2005.07.11"]
[Round "4"]
[White "Malito, Skylar"]
[Black "Wong, Wylon"]
[Result "1-0"]
[WhiteElo "1661"]
[BlackElo "1894"]
[PlyCount "69"]
[GameId "2160767910901619"]
[EventDate "2005.07.09"]
[EventType "swiss"]
[EventRounds "10"]
[EventCountry "CAN"]

1. Nf3 Nf6 2. c4 d6 3. d4 g6 4. Nc3 Bg7 5. Bg5 O-O 6. e3 Nbd7 7. Bd3 e5 8. O-O Re8 9. Qc2 h6 10. Bh4 g5 11. Bg3 Nh5 12. Rad1 Nf8 13. dxe5 Nxg3 14. hxg3 g4 15. Nh4 Rxe5 16. Nf5 Bxf5 17. Bxf5 Qg5 18. e4 h5 19. Rd5 Ng6 20. Bxg6 Qxg6 21. Rfd1 a6 22. Rxe5 Bxe5 23. Nd5 Kg7 24. Nxc7 Rh8 25. Nd5 Kf8 26. c5 h4 27. Nf4 Bxf4 28. gxf4 dxc5 29. Qxc5+ Kg7 30. Rd5 f6 31. f5 Qh5 32. Rd7+ Kh6 33. Qe7 Qg5 34. Rc7 g3 35. f4 1-0

[Event "CAN-op"]
[Site "Edmonton CAN"]
[Date "2005.07.11"]
[Round "4"]
[White "Marshall, Jim"]
[Black "Raymer, Elliot"]
[Result "1-0"]
[WhiteElo "1726"]
[BlackElo "1574"]
[PlyCount "105"]
[GameId "2160767910901620"]
[EventDate "2005.07.09"]
[EventType "swiss"]
[EventRounds "10"]
[EventCountry "CAN"]
[SourceTitle "CBM 107 Extra"]
[Source "ChessBase"]
[SourceDate "2005.09.01"]
[SourceVersion "1"]
[SourceVersionDate "2005.09.01"]
[SourceQuality "1"]

1. e4 e5 2. Nf3 Nc6 3. d4 exd4 4. Bc4 Nf6 5. O-O d6 6. Nxd4 Ne5 7. Bb3 Be7 8. f4 Ng6 9. Nc3 O-O 10. Qe1 h5 11. Qg3 h4 12. Qxg6 d5 13. Qg5 Bc5 14. Rd1 Bg4 15. Be3 Bxd1 16. Rxd1 Re8 17. e5 Ne4 18. Qxd8 Raxd8 19. Nxd5 c6 20. Nc3 Bxd4 21. Rxd4 Rxd4 22. Bxd4 Nd2 23. Kf2 Nxb3 24. axb3 Rd8 25. Be3 b6 26. Ke2 f5 27. Nb1 Rd5 28. Nd2 Ra5 29. Nf3 g6 30. Nxh4 Kg7 31. Nf3 Ra2 32. e6 Kf6 33. Ng5 Ke7 34. Bd4 c5 35. Be5 Ra1 36. c4 Rg1 37. Kf2 Rd1 38. Bc3 a5 39. h3 Rb1 40. g4 Rc1 41. gxf5 gxf5 42. Kg3 Rd1 43. Kh4 Rd8 44. Kh5 Rd3 45. Kg6 Rxc3 46. bxc3 b5 47. cxb5 c4 48. bxc4 a4 49. b6 a3 50. b7 a2 51. b8=Q a1=Q 52. Qc7+ Kf8 53. Qf7# 1-0

[Event "CAN-op"]
[Site "Edmonton CAN"]
[Date "2005.07.11"]
[Round "4"]
[White "Masson, Richard"]
[Black "Walker, Adrian1"]
[Result "0-1"]
[WhiteElo "1712"]
[BlackElo "1559"]
[PlyCount "91"]
[GameId "2160767910901621"]
[EventDate "2005.07.09"]
[EventType "swiss"]
[EventRounds "10"]
[EventCountry "CAN"]
[SourceTitle "CBM 107 Extra"]
[Source "ChessBase"]
[SourceDate "2005.09.01"]
[SourceVersion "1"]
[SourceVersionDate "2005.09.01"]
[SourceQuality "1"]

1. e4 e5 2. Nf3 Nc6 3. Bb5 a6 4. Ba4 Nf6 5. O-O d6 6. Re1 b5 7. Bb3 Bg4 8. d3 Be7 9. a4 Nd4 10. Nbd2 Bxf3 11. Nxf3 Nxb3 12. cxb3 b4 13. d4 Nd7 14. d5 a5 15. Nd2 O-O 16. Nc4 Nc5 17. Re3 Qe8 18. Qg4 Qc8 19. Qh5 g6 20. Qh6 Qg4 21. Bd2 Bg5 22. Qh3 Qxh3 23. Rxh3 Nxe4 24. Bxg5 Nxg5 25. Re3 f5 26. f4 exf4 27. Re7 Ra7 28. Nxd6 Ra6 29. Nb5 Rf7 30. Rae1 Ne4 31. Rxc7 Rxc7 32. Nxc7 Rd6 33. Rd1 Nf6 34. Kf2 Kf7 35. Kf3 g5 36. Ke2 Ke7 37. Ne6 Ne4 38. Rd4 Kf6 39. Kd3 Ke5 40. Kc4 g4 41. Kb5 Rxe6 42. Rd1 Rd6 43. Kc4 f3 44. gxf3 gxf3 45. Rd3 f2 46. Rf3 0-1

[Event "CAN-op"]
[Site "Edmonton CAN"]
[Date "2005.07.11"]
[Round "4"]
[White "Mattson, Dane"]
[Black "Hendon, Lee"]
[Result "1-0"]
[WhiteElo "1819"]
[BlackElo "1544"]
[PlyCount "57"]
[GameId "2160767910901622"]
[EventDate "2005.07.09"]
[EventType "swiss"]
[EventRounds "10"]
[EventCountry "CAN"]
[SourceTitle "CBM 107 Extra"]
[Source "ChessBase"]
[SourceDate "2005.09.01"]
[SourceVersion "1"]
[SourceVersionDate "2005.09.01"]
[SourceQuality "1"]

1. d4 d5 2. c4 e6 3. Nc3 Nf6 4. Bg5 Nbd7 5. Nf3 Be7 6. e3 O-O 7. Bd3 c6 8. cxd5 exd5 9. O-O h6 10. Bh4 Re8 11. Re1 Nh5 12. Bxe7 Qxe7 13. Nd2 Nhf6 14. e4 dxe4 15. Ndxe4 Nxe4 16. Nxe4 Kh8 17. Nd6 Qxe1+ 18. Qxe1 Rxe1+ 19. Rxe1 Nf6 20. Bc4 Bg4 21. Nxf7+ Kh7 22. f3 Bh5 23. Re7 b5 24. Bd3+ Kg8 25. Ne5 Nd5 26. Rb7 Nb4 27. Be4 Nxa2 28. Bxc6 Rc8 29. Bd5+ 1-0

[Event "CAN-op"]
[Site "Edmonton CAN"]
[Date "2005.07.11"]
[Round "4"]
[White "McCusky, Louis"]
[Black "Boot, Steven"]
[Result "0-1"]
[WhiteElo "1524"]
[BlackElo "1382"]
[PlyCount "138"]
[GameId "2160767910901623"]
[EventDate "2005.07.09"]
[EventType "swiss"]
[EventRounds "10"]
[EventCountry "CAN"]
[SourceTitle "CBM 107 Extra"]
[Source "ChessBase"]
[SourceDate "2005.09.01"]
[SourceVersion "1"]
[SourceVersionDate "2005.09.01"]
[SourceQuality "1"]

1. e4 e5 2. Nf3 Nc6 3. Bb5 Nge7 4. c3 a6 5. Ba4 d6 6. d4 Bd7 7. Bg5 f6 8. Be3 exd4 9. cxd4 Na7 10. Bc2 Ng6 11. O-O Bg4 12. Nbd2 Qd7 13. Ba4 Nb5 14. Qc2 Be7 15. Rac1 c6 16. Bb3 Be6 17. Nc4 Bd8 18. e5 fxe5 19. dxe5 d5 20. Nb6 Bxb6 21. Bxb6 O-O 22. a4 Na7 23. Rce1 Rxf3 24. gxf3 Bh3 25. Qe4 Bxf1 26. e6 Qe7 27. Qe3 Bc4 28. Bxc4 dxc4 29. Bxa7 Re8 30. f4 Qh4 31. Qg3 Qf6 32. f5 Qxf5 33. Bd4 Rxe6 34. Rxe6 Qxe6 35. Qb8+ Nf8 36. Bc3 b5 37. axb5 cxb5 38. Qb7 Nd7 39. Qa8+ Kf7 40. Qf3+ Nf6 41. Qb7+ Kg6 42. Qg2+ Qg4 43. f3 Qxg2+ 44. Kxg2 Nd5 45. Bd2 b4 46. Kf2 Kf5 47. Ke2 a5 48. Kd1 c3 49. bxc3 Nxc3+ 50. Kc2 g5 51. h3 a4 52. Kb2 a3+ 53. Kb3 a2 54. Kb2 h5 55. Ka1 Nd5 56. Kxa2 Nf4 57. Kb3 Nxh3 58. Be3 Nf4 59. Kxb4 Nd5+ 60. Kc4 Nxe3+ 61. Kd3 Kf4 62. Ke2 h4 63. Kf2 h3 64. Kg1 Kxf3 65. Kh1 g4 66. Kg1 Nf5 67. Kh1 Kf2 68. Kh2 g3+ 69. Kxh3 Ne3 0-1

[Event "CAN-op"]
[Site "Edmonton CAN"]
[Date "2005.07.11"]
[Round "4"]
[White "Me, Kevin"]
[Black "Hill, Roderick"]
[Result "1/2-1/2"]
[WhiteElo "1737"]
[BlackElo "1904"]
[PlyCount "70"]
[GameId "2160767910901624"]
[EventDate "2005.07.09"]
[EventType "swiss"]
[EventRounds "10"]
[EventCountry "CAN"]

1. e4 Nc6 2. d4 e5 3. d5 Nce7 4. Nf3 d6 5. c4 g6 6. Nc3 Bg7 7. h3 f5 8. Bd3 Nf6 9. b4 a5 10. b5 b6 11. a4 O-O 12. Ra2 Qe8 13. Qe2 Bd7 14. Kd1 h6 15. Kc2 Qf7 16. Kb1 Nh7 17. Nh2 Qf6 18. Rc2 Kf7 19. Nf1 Ke8 20. f3 f4 21. Nh2 Kd8 22. Nd1 Kc8 23. Nf2 Kb7 24. Bb2 Qf7 25. Rcc1 g5 26. Rcg1 Ng6 27. Rc1 Nf6 28. Rhg1 Rae8 29. Rc2 Rg8 30. Ba3 Bf8 31. Rcc1 Rh8 32. Bc2 Be7 33. Bb3 Qf8 34. Ka2 h5 35. Bd1 Qf7 1/2-1/2

[Event "CAN-op"]
[Site "Edmonton CAN"]
[Date "2005.07.11"]
[Round "4"]
[White "Meller, Caleb"]
[Black "Lafreniere, Adrian"]
[Result "0-1"]
[WhiteElo "1365"]
[BlackElo "1703"]
[PlyCount "60"]
[GameId "2160767910901625"]
[EventDate "2005.07.09"]
[EventType "swiss"]
[EventRounds "10"]
[EventCountry "CAN"]
[SourceTitle "CBM 107 Extra"]
[Source "ChessBase"]
[SourceDate "2005.09.01"]
[SourceVersion "1"]
[SourceVersionDate "2005.09.01"]
[SourceQuality "1"]

1. e4 c6 2. d4 d5 3. exd5 cxd5 4. Nc3 Nc6 5. Bb5 Nf6 6. Bxc6+ bxc6 7. h3 e6 8. Bg5 Be7 9. Bxf6 Bxf6 10. Nf3 Ba6 11. Qd2 Qa5 12. O-O-O c5 13. Rhe1 O-O 14. a3 Rfc8 15. Ne2 Qb6 16. g3 Rab8 17. c3 Qb3 18. Kb1 Qxa3 19. Nc1 Rb7 20. Re2 Bxe2 21. Qxe2 cxd4 22. cxd4 Rcb8 23. Nd3 Qa4 24. Nfe5 Qxd4 25. Rd2 Bxe5 26. Nxe5 Qa4 27. Nd3 Rb5 28. Rc2 Ra5 29. Kc1 Qd4 30. Ne5 Ra1# 0-1

[Event "CAN-op"]
[Site "Edmonton CAN"]
[Date "2005.07.11"]
[Round "4"]
[White "Meller, Jeremy"]
[Black "Tuason, Alfred"]
[Result "0-1"]
[WhiteElo "1143"]
[BlackElo "1356"]
[PlyCount "68"]
[GameId "2160767910901626"]
[EventDate "2005.07.09"]
[EventType "swiss"]
[EventRounds "10"]
[EventCountry "CAN"]
[SourceTitle "CBM 107 Extra"]
[Source "ChessBase"]
[SourceDate "2005.09.01"]
[SourceVersion "1"]
[SourceVersionDate "2005.09.01"]
[SourceQuality "1"]

1. e4 e6 2. d4 d5 3. exd5 exd5 4. Nf3 a6 5. Bf4 Nf6 6. c3 Bd6 7. Bxd6 Qxd6 8. g3 O-O 9. Bd3 Re8+ 10. Ne5 Nc6 11. f4 Ng4 12. O-O Ne3 13. Qf3 Nxf1 14. Qxf1 Nxe5 15. fxe5 Qe6 16. Nd2 Qh3 17. Qxh3 Bxh3 18. Nf3 h6 19. c4 dxc4 20. Bxc4 Rad8 21. d5 Bg4 22. Nd4 Rxe5 23. Nc2 Kh8 24. Kg2 Rde8 25. Kf2 Re2+ 26. Bxe2 Rxe2+ 27. Kf1 Rxc2 28. Re1 Bh3+ 29. Kg1 Rxb2 30. Re7 Rb1+ 31. Kf2 Rb2+ 32. Kg1 Rg2+ 33. Kh1 Rf2 34. Kg1 Rf1# 0-1

[Event "CAN-op"]
[Site "Edmonton CAN"]
[Date "2005.07.11"]
[Round "4"]
[White "Meller, Kenneth"]
[Black "Thomson, Bruce"]
[Result "0-1"]
[WhiteElo "1367"]
[BlackElo "1676"]
[PlyCount "74"]
[GameId "2160767910901627"]
[EventDate "2005.07.09"]
[EventType "swiss"]
[EventRounds "10"]
[EventCountry "CAN"]
[SourceTitle "CBM 107 Extra"]
[Source "ChessBase"]
[SourceDate "2005.09.01"]
[SourceVersion "1"]
[SourceVersionDate "2005.09.01"]
[SourceQuality "1"]

1. e4 e6 2. Nf3 d5 3. exd5 exd5 4. h3 Nf6 5. d4 Be7 6. Bd3 O-O 7. Be3 Re8 8. O-O h6 9. Ne5 Nbd7 10. Nxd7 Bxd7 11. f4 a6 12. Rf3 Ne4 13. Bxe4 dxe4 14. Rg3 Bh4 15. Rxg7+ Kxg7 16. Qh5 Bb5 17. Nc3 Bf6 18. Nxb5 axb5 19. Rd1 c6 20. a3 Qd5 21. f5 Rh8 22. Qg4+ Kf8 23. Qh5 Ke7 24. Qg4 Rag8 25. Qf4 Qd6 26. Qxd6+ Kxd6 27. Bf4+ Kd5 28. Be3 Bg5 29. Bf2 Bf4 30. c3 Rg5 31. a4 Rhg8 32. axb5 Rxg2+ 33. Kf1 e3 34. c4+ Ke4 35. Bxe3 Bxe3 36. bxc6 Rg1+ 37. Ke2 R8g2# 0-1

[Event "CAN-op"]
[Site "Edmonton CAN"]
[Date "2005.07.11"]
[Round "4"]
[White "Miller, Mike"]
[Black "Sorgard, Graham"]
[Result "1/2-1/2"]
[WhiteElo "1661"]
[BlackElo "1870"]
[PlyCount "96"]
[GameId "2160767910901628"]
[EventDate "2005.07.09"]
[EventType "swiss"]
[EventRounds "10"]
[EventCountry "CAN"]
[SourceTitle "CBM 107 Extra"]
[Source "ChessBase"]
[SourceDate "2005.09.01"]
[SourceVersion "1"]
[SourceVersionDate "2005.09.01"]
[SourceQuality "1"]

1. d4 g6 2. c4 Bg7 3. e4 d6 4. Nf3 Nf6 5. Nc3 O-O 6. Be2 Nc6 7. d5 Nb8 8. O-O e6 9. Be3 exd5 10. exd5 Nbd7 11. Re1 Re8 12. Rc1 Ne4 13. Bd4 Ndf6 14. Bd3 Nxc3 15. Bxc3 Bg4 16. Rxe8+ Qxe8 17. h3 Bd7 18. Qe1 Qf8 19. Qf1 c6 20. dxc6 bxc6 21. b4 d5 22. Qe2 Re8 23. Qb2 dxc4 24. Bxc4 Nd5 25. Bxg7 Qxg7 26. Qd2 Qf6 27. Re1 Rxe1+ 28. Nxe1 Be6 29. b5 Qh4 30. Bb3 Nc7 31. bxc6 Qe7 32. Nf3 Bxb3 33. axb3 Ne6 34. Qd7 Kf8 35. Qc8+ Qe8 36. Qb7 Nc5 37. Qb5 Qe7 38. b4 Ne6 39. Qb8+ Kg7 40. Qb7 Qd6 41. b5 Qc5 42. Qb8 Kf6 43. Qb7 Qc1+ 44. Kh2 Qf4+ 45. Kh1 Qc1+ 46. Ng1 Qc5 47. Qd7 Qxb5 48. Qxa7 Qxc6 1/2-1/2

[Event "CAN-op"]
[Site "Edmonton CAN"]
[Date "2005.07.11"]
[Round "4"]
[White "Milne, Arthur"]
[Black "Peng, David Yu"]
[Result "0-1"]
[WhiteElo "1876"]
[BlackElo "2120"]
[PlyCount "59"]
[GameId "2160767910901629"]
[EventDate "2005.07.09"]
[EventType "swiss"]
[EventRounds "10"]
[EventCountry "CAN"]
[SourceTitle "CBM 107 Extra"]
[Source "ChessBase"]
[SourceDate "2005.09.01"]
[SourceVersion "1"]
[SourceVersionDate "2005.09.01"]
[SourceQuality "1"]

1. f4 d5 2. b3 Nf6 3. Bb2 g6 4. Nf3 Bg7 5. e3 c5 6. d4 Nc6 7. Ne5 cxd4 8. exd4 Ne4 9. Bd3 Nxe5 10. fxe5 Qa5+ 11. c3 f5 12. exf6 exf6 13. O-O f5 14. Ba3 Bd7 15. Bb4 Qb6 16. Bxe4 dxe4 17. Bc5 Qc7 18. Nd2 b6 19. Bb4 a5 20. Ba3 Qxc3 21. Kh1 Qxd4 22. Qe2 b5 23. Rab1 Qd3 24. Qxd3 exd3 25. Rf3 b4 26. Re1+ Kf7 27. Bc1 Rhe8 28. Ref1 Bb5 29. Nc4 Bxc4 30. bxc4 0-1

[Event "CAN-op"]
[Site "Edmonton CAN"]
[Date "2005.07.11"]
[Round "4"]
[White "Milner, Din"]
[Black "Thomas, Derek"]
[Result "1/2-1/2"]
[WhiteElo "1132"]
[BlackElo "1300"]
[PlyCount "39"]
[GameId "2160767910901630"]
[EventDate "2005.07.09"]
[EventType "swiss"]
[EventRounds "10"]
[EventCountry "CAN"]
[SourceTitle "CBM 107 Extra"]
[Source "ChessBase"]
[SourceDate "2005.09.01"]
[SourceVersion "1"]
[SourceVersionDate "2005.09.01"]
[SourceQuality "1"]

1. e4 e5 2. Nf3 Nc6 3. d4 exd4 4. Nxd4 Nxd4 5. Qxd4 d6 6. e5 c5 7. Qa4+ Bd7 8. Bb5 dxe5 9. Bxd7+ Qxd7 10. Qxd7+ Kxd7 11. O-O Kc7 12. Nc3 Nf6 13. Re1 Bd6 14. Nb5+ Kc6 15. Nxd6 Kxd6 16. Be3 b6 17. Rad1+ Ke6 18. f4 Rhd8 19. Rxd8 Rxd8 20. fxe5 1/2-1/2

[Event "CAN-op"]
[Site "Edmonton CAN"]
[Date "2005.07.11"]
[Round "4"]
[White "Mrugala, Jonathan"]
[Black "Bullerkist, Caitlin"]
[Result "1-0"]
[WhiteElo "1367"]
[BlackElo "1226"]
[PlyCount "91"]
[GameId "2160767910901631"]
[EventDate "2005.07.09"]
[EventType "swiss"]
[EventRounds "10"]
[EventCountry "CAN"]
[SourceTitle "CBM 107 Extra"]
[Source "ChessBase"]
[SourceDate "2005.09.01"]
[SourceVersion "1"]
[SourceVersionDate "2005.09.01"]
[SourceQuality "1"]

1. g3 e5 2. Bg2 Nf6 3. d3 h6 4. Nf3 Nc6 5. O-O Bc5 6. e4 O-O 7. Nc3 d6 8. Bd2 Bg4 9. Re1 Nd4 10. Na4 b6 11. Nxc5 bxc5 12. c3 Ne6 13. Qc2 Qd7 14. a3 Rab8 15. Be3 Rfe8 16. b4 a6 17. Rec1 Red8 18. bxc5 dxc5 19. Nxe5 Qd6 20. f4 Bh5 21. Bf1 Nd7 22. Nc4 Qc6 23. Bg2 Nf6 24. e5 Nd5 25. Bf2 Qb5 26. Rab1 Qd7 27. Rxb8 Rxb8 28. Rb1 Rxb1+ 29. Qxb1 Nxc3 30. Qb8+ Kh7 31. Qb2 Qxd3 32. Ne3 Nd4 33. Nf1 Nf3+ 34. Kh1 Bg4 35. h3 Bxh3 36. Bxh3 g5 37. Bg2 Nd1 38. Qa2 Qg6 39. Bxf3 Qd3 40. Qxf7+ Kh8 41. Qf6+ Kh7 42. Kg2 c4 43. Qf7+ Kh8 44. Bd5 Qh7 45. Qf8+ Qg8 46. Qxg8# 1-0

[Event "CAN-op"]
[Site "Edmonton CAN"]
[Date "2005.07.11"]
[Round "4"]
[White "Mulyar, Michael"]
[Black "Moiseenko, Alexander"]
[Result "1/2-1/2"]
[WhiteElo "2422"]
[BlackElo "2652"]
[PlyCount "57"]
[GameId "2160767910901632"]
[EventDate "2005.07.09"]
[EventType "swiss"]
[EventRounds "10"]
[EventCountry "CAN"]
[SourceTitle "CBM 107 Extra"]
[Source "ChessBase"]
[SourceDate "2005.09.01"]
[SourceVersion "1"]
[SourceVersionDate "2005.09.01"]
[SourceQuality "1"]

1. c4 c5 2. Nf3 Nc6 3. d4 cxd4 4. Nxd4 Nf6 5. Nc3 e6 6. g3 Qb6 7. Ndb5 Bc5 8. Bg2 d5 9. O-O dxc4 10. Nd6+ Bxd6 11. Qxd6 Nb4 12. Qf4 Qa6 13. Be3 Nc2 14. Bc5 Nd7 15. Rad1 Nxc5 16. Qc7 Nd3 17. exd3 cxd3 18. Rxd3 Qxd3 19. Rd1 Qxd1+ 20. Nxd1 Nd4 21. Qc5 Nf5 22. Nc3 Bd7 23. Bxb7 Rb8 24. Be4 Ne7 25. Qxa7 Rxb2 26. a4 f5 27. Bd3 Rb3 28. Qd4 Kf7 29. Bb5 1/2-1/2